000 00515nam a2200217Ia 4500
003 OSt
005 20220912144002.0
006 a|||||r|||| 00| 0
007 ta
008 220909b |||||||| |||| 00| 0 eng d
024 _a199606
037 _cTextual
040 _beng
041 _aeng
082 _aCN1,6:2, M2.4;7
100 _aBERESTETSKII V.B
245 0 _aQUANTUM ELECTRODYNAMICS
300 _ap.
_ccm
942 _hCN1,6:2, M2.4;7
_cTEXL
_2CC
999 _c95
_d95